Seattle Kraken 2025-2026 Roster - Statistics

General Stats
  • This quiz has been taken 26 times
  • The average score is 15 of 25
Answer Stats
Jersey # Pos Player % Correct
7 RW Jordan Eberle
100%
35 G Joey Daccord
83%
10 C Matty Beniers
83%
31 G Philipp Grubauer
83%
29 D Vince Dunn
83%
6 D Adam Larsson
78%
19 LW Jared McCann
78%
62 D Brandon Montour
72%
84 RW Kaapo Kakko
72%
51 C Shane Wright
72%
17 LW Jaden Schwartz
67%
41 D Ryker Evans
61%
27 LW Mason Marchment
56%
24 D Jamie Oleksiak
50%
30 G Matt Murray
50%
9 C Chandler Stephenson
44%
77 C Berkly Catton
39%
8 D Cale Fleury
39%
20 RW Eeli Tolvanen
39%
28 D Joshua Mahura
39%
26 C Ryan Winterton
39%
89 C Frederick Gaudreau
33%
55 D Ryan Lindgren
33%
12 LW Tye Kartye
33%
38 RW Jani Nyman
28%
No matching quizzes found
Score Distribution
Percent of People with Each Score
Percentile by Number Answered
Your Score History
You have not taken this quiz